000 00368 a2200157 4500
001 193167
020 _a978-85-67265-00-1
040 _cMagnum
100 _aPereira, Ana Raquel Máximo
240 1 0 _aÉ diferente mas é igual
_lpor
245 1 0 _aÉ diferente mas é igual
300 _a24
362 0 _a2013
697 _aLITERATURA INFANTO-JUVENIL
942 _cBK
999 _c193167
_d193167